| 000 | 00774nam a2200289Ia 4500 | ||
|---|---|---|---|
| 005 | 20260324134355.0 | ||
| 008 | 008 260324s9999 xx 000 0 eng d | ||
| 020 | _a9780203218372 | ||
| 037 | _aEBOOK | ||
| 040 | _aCRL | ||
| 040 | _beng | ||
| 040 | _cCRL | ||
| 041 | _2eng | ||
| 041 | _aeng | ||
| 084 | _qCRL | ||
| 100 |
_aChristian W. Haerpfer _91196577 |
||
| 245 | 0 | _aDemocracy and Enlargement in Post-Communist Europe | |
| 245 | 4 | _bThe Democratisation of the General Public in 15 Central and Eastern European Countries, 1991-1998 | |
| 260 | _bTaylor and Francis | ||
| 260 | _c2002 | ||
| 365 | _a | ||
| 365 | _b290 | ||
| 856 | _uhttp://www.taylorfrancis.com/books/9780203218372 | ||
| 942 | _cEBOOK | ||
| 999 |
_c1796611 _d1796611 |
||